000 00496cam a2200193ua 4500
001 1704
008 110715n ii |||gr||||Z||||||eng
040 _cMAIN
082 _a330.01
100 1 _aBose,
_eAuthor.
245 1 _aLectures on economic theory
_cby Bose
250 _a1st.
260 _aGuahati:
_bAssam book Depot,965.
_aCalcutta:
300 _aiv; 266p:
_bill;
_c23cm.
653 _aEconomics
653 _alectures on economics theory
700 _aChakrabarty,
_eAuthor.
942 _cBK
999 _c1589
_d1589